| 000 | 00850nam a2200205Ia 4500 | ||
|---|---|---|---|
| 999 |
_c39540 _d39540 |
||
| 001 | 6138 | ||
| 003 | GE_BSU | ||
| 005 | 20190927114123.0 | ||
| 008 | 181216s1973||||ge |||||||||||||| ||geo|| | ||
| 040 | _cGE_BSU | ||
| 041 | _ageo | ||
| 080 | _a821.353.1-1 ა-98 | ||
| 100 |
_aადეიშვილი, ნოდარ _93904 |
||
| 245 |
_aშენ დამრჩი საფერებელი : _bლექსები / _cნოდარ ადეიშვილი ; რედ. გრიგოლ ჭულუხიძე. |
||
| 264 |
_aთბილისი : _bმერანი ; _c1973. |
||
| 300 |
_a65 გვ. : _bფოტო ; _c17 სმ. |
||
| 653 | _aშენ დამრჩი საფერებელი | ||
| 700 |
_aჭულუხიძე, გრიგოლ _eრედაქტორი _94351 |
||
| 942 |
_cBK _2udc |
||